| 000 | 00769nam a2200265Ia 4500 | ||
|---|---|---|---|
| 003 | OSt | ||
| 005 | 20221007110201.0 | ||
| 006 | a|||||r|||| 00| 0 | ||
| 007 | ta | ||
| 008 | 221006b |||||||| |||| 00| 0 eng d | ||
| 024 | _a20,557 | ||
| 037 | _cTextual | ||
| 040 |
_aLCO _cLCO _beng |
||
| 041 |
_2eng _aeng |
||
| 082 | _aZ1,5, L3 | ||
| 100 |
_aBassiouni M. Cherif _9511786 |
||
| 245 | 0 |
_aTreatise on International Criminal Law _b Crimes and Punishment |
|
| 260 |
_aSpringfield _bCharles C. Thomas USA _c1973 |
||
| 300 | _a751 | ||
| 490 | _vVOL-11 | ||
| 650 |
_aINTERNATIONAL CRIMINAL LAW _9704364 |
||
| 700 |
_a Nanda Ved P. _9298510 |
||
| 942 |
_hZ1,5, L3 _cTEXL |
||
| 999 |
_c1190120 _d1190120 |
||